000
00307nam a22001217a 4500
020
_a
969-487-000-3
082
_a
600 INA'C
100
_a
ZAHID, H. A , YOUSAF, MUHAMMAD , INAM UL HAQ
_9
68042
245
_a
COMSTECH COURSE AS HEALTH PHYSICS
260
_a
PAKISTAN
_b
OIC
_c
1993
300
_a
414P
942
_c
BK
999
_c
575703
_d
575703